000 00418nam a2200181Ia 4500
001 10577
005 20260306161842.0
008 260306t2004||||xx |||||||||||||| ||spa||
041 _aESP
082 _a940.53
_bK44
100 _aKersaudy, Fraçois
_eAUT
245 0 _aDe Gaulle y Churchill
260 _c2004
300 _a572 páginas :
_c22 cm.
650 _aGEN
654 _aCHU
942 _cLIB
_dJUS
_fJUS
_2ddc
_n
999 _c10577
_d10577